000 00431ntaaa2200181 4500
003 01
005 20251027202141.0
008 0714s1973 ag 01
040 _aAR-BaBN
_bspa
_cAR-BaBN
_eaacr
_dRIC
082 _a263.0000 C25s
100 _aCarver, W.O.
245 _aSabbath observance
250 _a1 ed.
260 _aNashville :
_bBroadman Press,
_cc1940
300 _a89 p
650 _adomingo-observancia de
942 _cBK
999 _c16453
_d16453